Archiv für Phytopathologie und Pflanzenschutz.

Bibliographic Details
Previous Title:Archiv für Pflanzenschutz
Uniform Title:Archiv für Phytopathologie und Pflanzenschutz (Online)
Format: Journal
Language:English
German
Language Notes:1973- : German text, with summaries and added tables of contents in English and Russian; <1995>- : German and English; <2005>- : Chiefly English, with some German.
Published: Berlin : Akademie-Verlag, [1973]-
[Yverdon] : Harwood Academic Publishers
[Abingdon] : Taylor & Francis
Subjects:
Online Availability: Check for online availability

MARC

Tag First Indicator Second Indicator Subfields
LEADER 00000cas a2200000 a 4500
001 in00002000443
005 20191021074423.0
006 m o d
007 cr |||||||||||
008 020326c19739999enksx poo 0 0eng c
010 |a  2007233501 
015 |a GBA605785  |2 bnb 
016 7 |a 2621505-6  |2 DE-600 
016 7 |a 013359642  |2 Uk 
022 |a 1477-2906  |l 0323-5408  |2 2 
029 0 |a OCLCS  |b 10970 
029 1 |a AU@  |b 000040350479 
029 1 |a AU@  |b 000045699368 
029 1 |a HEBIS  |b 271417978 
029 1 |a OCLCS  |b OP-31549 
029 1 |a UKMGB  |b 013359642 
029 1 |a AU@  |b 000042361434 
030 |a APPZAJ 
035 |a (OCoLC)ocm49392933 
035 |a (OCoLC)49392933 
040 |a TXU  |b eng  |e pn  |c TXU  |d OCLCQ  |d OCL  |d OCLCS  |d COU  |d GUA  |d OCLCQ  |d HEBIS  |d CLU  |d UKMGB  |d OCLCQ  |d OCLCF  |d OCLCO  |d VT2  |d OCLCQ  |d NLE  |d DLC  |d AUD  |d U3W  |d AU@  |d WYU  |d TXA  |d UtOrBLW 
041 0 |a eng  |a ger  |b rus 
042 |a pcc 
049 |a TXAM 
050 0 0 |a SB599  |b .A67 Electronic 
070 0 |a 464.8  |b AR2 
082 0 4 |a 632.05 
130 0 |a Archiv für Phytopathologie und Pflanzenschutz (Online) 
210 0 |a Arch. phytopathol. plant prot.  |b (Online) 
222 0 |a Archives of phytopathology and plant protection  |b (Online) 
245 1 0 |a Archiv für Phytopathologie und Pflanzenschutz. 
246 1 |i Some providers have title:  |a Archives of phytopathology and plant protection 
264 1 |3 1973- :  |a Berlin :  |b Akademie-Verlag,  |c [1973]- 
264 2 1 |3 <1994-2000> :  |a [Yverdon] :  |b Harwood Academic Publishers 
264 3 1 |3 <2004-> :  |a [Abingdon] :  |b Taylor & Francis 
300 |a 1 online resource 
310 |a Twenty issues a year,  |b 2011- 
321 |a Frequency varies,  |b 1974-2010 
336 |a text  |b txt  |2 rdacontent 
337 |a computer  |b c  |2 rdamedia 
338 |a online resource  |b cr  |2 rdacarrier 
362 1 |a Began with: Band 9, Heft 1 (1973). 
500 |a At head of title: Akademie der Landwirtschaftswissenschaften der Deutschen Demokratischen Republik. 
515 |a Some issues combined. 
546 |a 1973- : German text, with summaries and added tables of contents in English and Russian; <1995>- : German and English; <2005>- : Chiefly English, with some German. 
588 |a Latest issue consulted: Band 9, Heft 1 (1973); title from PDF article running title (tandfonline, viewed August 9, 2019). 
588 |a Latest issue consulted: Vol. 52, nos. 3/4 (2019) (tandfonline, viewed August 9, 2019). 
500 |a Electronic resource. 
650 0 |a Plants, Protection of  |v Periodicals. 
650 0 |a Plant diseases  |v Periodicals.  |0 http://id.loc.gov/authorities/subjects/sh2008109378 
650 7 |a Plant diseases.  |2 fast  |0 (OCoLC)fst01065378 
650 7 |a Plants, Protection of.  |2 fast  |0 (OCoLC)fst01066223 
650 2 |a Plant Diseases.  |0 https://id.nlm.nih.gov/mesh/D010935 
655 7 |a Periodicals.  |2 fast  |0 (OCoLC)fst01411641 
655 0 |a Electronic journals. 
710 2 |a Akademie der Landwirtschaftswissenschaften der DDR,  |e issuing body.  |0 http://id.loc.gov/authorities/names/n79074286 
710 2 |a Deutsche Akademie der Landwirtschaftswissenschaften zu Berlin,  |e issuing body.  |0 http://id.loc.gov/authorities/names/n79075047 
776 0 8 |i Print version:  |t Archiv für Phytopathologie und Pflanzenschutz  |x 0323-5408  |w (DLC)sn 85005856  |w (OCoLC)3764206 
780 0 0 |t Archiv für Pflanzenschutz  |x 0003-9349  |w (OCoLC)795143905 
850 |a DLC 
949 |a updated  |b h  |c 2019/8/9  |e spoltoratski  |f 1:08:16 pm  |g CF 
994 |a C0  |b TXA 
999 f f |s 1856920a-6197-3279-899c-7e0ec64c8495  |i 88aeffee-ae7b-3f80-8333-d0db21c7e609  |t 0 
952 f f |a Texas A&M University  |b College Station  |c Electronic Resources  |d Available Online  |t 0  |e SB599 .A67  |g Electronic  |h Library of Congress classification 
998 f f |a SB599 .A67  |t 0  |l Available Online